000 00942nam a2200265 i 4500
001 000032780
003 DO-SdBNP
005 20241118102949.0
007 ta
008 110726s1930 sp 000 0 spa d
040 _aDO-SdBNP
_bspa
_cBNPHU
_erda
082 _a972.9373
_bI37r
_222
100 1 _aIncháustegui, Joaquín S.
_eautor
_945004
245 1 0 _aReseña histórica de Baní /
_cJoaquín S. Incháustegui.
264 _aValencia :
_bEditorial Guerri,
_c1930.
300 _a266 páginas :
_bilustraciones ;
_c18 cm.
336 _ardacontent
_btexto
_2txt
337 _ardamedia
_bsin mediación
_2n
338 _ardacarrier
_bvolumen
_2nc
650 4 _aCiudades y pueblos
_zRepública Dominicana
_xHistoria
_98393
651 4 _aBaní (República Dominicana{Rpara}
_xVida Social Y Costumbres
_98310
651 4 _aBaní (República Dominicana{Rpara}
_xHistoria Local
_96339
910 _aValidado. Control de calidad MFF
942 _2ddc
_cLBS1
999 _c32271
_d32271